| 000 | 01333pam a2200337 a 4500 | ||
|---|---|---|---|
| 999 |
_c16735 _d16735 |
||
| 001 | 2895166 | ||
| 003 | EG-ScBUE | ||
| 005 | 20210322110516.0 | ||
| 008 | 870602t1987 enkaf f b 001 0 eng d | ||
| 020 | _a0195049225 (alk. paper) | ||
| 020 | _a9780195049220 | ||
| 040 |
_aDLC _beng _erda _cDLC _dDLC _dEG-ScBUE |
||
| 082 | 0 | 4 |
_a820.9008 _bSTE _222 |
| 100 | 1 |
_aStein, Richard L., _eauthor. _929945 |
|
| 245 | 1 | 0 |
_aVictoria's year : _bEnglish literature and culture, 1837-1838 / _cRichard L. Stein. |
| 264 | 1 |
_aOxford ; _aNew York : _bOxford University Press, _c[1987] |
|
| 264 | 4 | _cc1987 | |
| 300 |
_axiii, 314 pages, [32] pages of plates : _billustrations ; _c22 cm |
||
| 336 |
_2rdacontent _atext _btxt |
||
| 337 |
_2rdamedia _aunmediated _bn |
||
| 338 |
_2rdacarrier _avolume _bnc |
||
| 504 | _aIncludes bibliographical references and index. | ||
| 600 | 0 | 7 |
_aVictoria, _cQueen of Great Britain, _d1819-1901 _xCoronation. _2BUEsh _929946 |
| 650 | 7 |
_aEnglish literature _y19th century _xHistory and criticism. _929947 _2BUEsh |
|
| 650 | 7 |
_aCoronations _zGreat Britain _xHistory _y19th century. _2BUEsh _929948 |
|
| 651 | 7 |
_aGreat Britain _xCivilization _y19th century. _2BUEsh _929949 |
|
| 651 | 7 |
_aGreat Britain _xHistory _yVictoria, 1837-1901. _2BUEsh _929950 |
|
| 653 |
_cMay2012 _bHHUUEENN |
||
| 655 |
_vReading book _934232 |
||
| 942 |
_2ddc _cBB |
||